000 00341nam a22001457a 4500
003 OSt
005 20160727222417.0
008 160625b xxu||||| |||| 00| 0 eng d
040 _cTEST
100 _91163
_aWilliams, B
245 _aTitanic Crossing
260 _aNEW YORK
_bSCHOLASTIC INC
_c1995
300 _aTitanic Crossing
942 _2ddc
_cBK
999 _c946
_d946